Catalogo del museo teatrale alla scala

Gardado en:
Detalles Bibliográficos
Autor Principal: Simoni, Renato (Author)
Formato: Libro
Idioma:Lingua italiana
Publicado: Milán Emilio Bestetti 1940
Subjects:
Tags: Engadir etiqueta
Sen Etiquetas, Sexa o primeiro en etiquetar este rexistro!

MARC

LEADER 00000nam a2200000 a 4500
001 UCZ7879
003 CL-VaPUC
008 960112e19400000IT |||||||||||||||||ita|d
082 0 4 |a 708.5  |b SIM  |2 21 
100 0 |a Simoni, Renato  |e author  |9 352883 
245 1 0 |a Catalogo del museo teatrale alla scala 
300 |a 401 p 
942 |c BK 
945 |d 19960112 00:00:00  |a mcarcey 
260 |a Milán  |b Emilio Bestetti  |c 1940 
650 0 |a Museos  |9 269209 
650 7 |a GALERIAS DE ARTE  |2 CL-VaPUC  |9 352884 
650 0 |a Pintura italiana  |9 265293 
650 0 |a Pintores italianos  |9 265277 
650 0 |a Catálogos  |9 256258 
651 0 |a Italia  |9 254949 
583 |a last modification  |c 19960112 00:00:00  |k Rodrigo Vera 
999 |c 243869  |d 243867